| 000 | 00432nam a22001697a 4500 | ||
|---|---|---|---|
| 003 | NUST - PNEC | ||
| 005 | 20170116181146.0 | ||
| 008 | 151012b xxu||||| |||| 00| 0 eng d | ||
| 020 | _a0863800750 | ||
| 040 | _cLIBRARY | ||
| 082 | _a660.297 BAI | ||
| 100 |
_914994 _aBailey, Adrian G. |
||
| 245 |
_aElectrostatic spraying of liquids _cAdrian G. Bailey |
||
| 260 | _cc1988. | ||
| 650 |
_914995 _aSpraying _xME |
||
| 942 |
_2ddc _cBK |
||
| 999 |
_c70701 _d70701 |
||